Digital Principles And Applications (Record no. 196471)

MARC details
000 -LEADER
fixed length control field 00452nam a2200169Ia 4500
008 - FIXED-LENGTH DATA ELEMENTS--GENERAL INFORMATION
fixed length control field 230714s9999 xx 000 0 und d
041 ## - LANGUAGE CODE
Language code of text/sound track or separate title eng
082 ## - DEWEY DECIMAL CLASSIFICATION NUMBER
Classification number 621.3815'3
Item number LEA
100 ## - MAIN ENTRY--PERSONAL NAME
Personal name Leach D.
245 ## - TITLE STATEMENT
Title Digital Principles And Applications
250 ## - EDITION STATEMENT
Edition statement 6th ed.
260 ## - PUBLICATION, DISTRIBUTION, ETC. (IMPRINT)
Date of publication, distribution, etc. 2009
Name of publisher, distributor, etc. Tata Mc-Graw Hill
300 ## - PHYSICAL DESCRIPTION
Extent 683
365 ## - TRADE PRICE
Currency code Rs.
Price amount 300.00
700 ## - ADDED ENTRY--PERSONAL NAME
Personal name Leach D.; Malvino A. & Saha G.
9 (RLIN) 190438
906 ## - LOCAL DATA ELEMENT F, LDF (RLIN)
d B:733614-Jan-2009
c ETC
b 1800

No items available.